000 00318nam a22001337a 4500
008 170801b xxu||||| |||| 00| 0 eng d
020 _a0444011927
041 _aeng
080 _a004
100 _a32
101 _aSHKI
245 _aAPPLIED STATISTICS AND THE SAS PROGRAMMING LANGUAGW
_cCODY, R.P
942 _2udc
_cBK
999 _c22349
_d22349